Budget, Kerala, 1975-76 (Record no. 509246)
[ view plain ]
| 000 -LEADER | |
|---|---|
| fixed length control field | 00222nam a22000977a 4500 |
| 082 ## - DEWEY DECIMAL CLASSIFICATION NUMBER | |
| Classification number | L:1x5453 K45 |
| 245 ## - TITLE STATEMENT | |
| Title | Budget, Kerala, 1975-76 |
| 260 ## - PUBLICATION, DISTRIBUTION, ETC. (IMPRINT) | |
| Place of publication, distribution, etc | Trivandrum |
| Name of publisher, distributor, etc | Government of Kerala |
| Date of publication, distribution, etc | 1976 |
| 300 ## - PHYSICAL DESCRIPTION | |
| Extent | v.p. |
| 942 ## - ADDED ENTRY ELEMENTS (KOHA) | |
| Source of classification or shelving scheme | |
| Withdrawn status | Lost status | Source of classification or shelving scheme | Damaged status | Koha normalized classification for sorting | Not for loan | Permanent location | Current location | Date acquired | Full call number | Barcode | Date last seen | Price effective from | Koha item type |
|---|---|---|---|---|---|---|---|---|---|---|---|---|---|
| L_1X5453_K45 | Indian Institute of Public Administration | Indian Institute of Public Administration | 2019-04-29 | L:1x5453 K45 | GG33901 | 2019-04-29 | 2019-04-29 | GG |
